LDR 00937naa#a2200205#i#450# 001 RU\\bibl\121481 005 20260429015945.3 011 ## _a1994-4683 100 ## _a20230531b2023####ek#y0rusy0150####ca 102 ## _aRU 200 1# _aОСНОВНЫЕ ТРАВМЫ У БАСКЕТБОЛИСТОВ НА ЭТАПЕ НАЧАЛЬНОЙ ПОДГОТОВКИ _eЖурнальная статья 210 1# _aМосква _cНациональный государственный Университет физической культуры, спорта и здоровья им. П.Ф. Лесгафта _d2023 215 ## _a4 с. 608 ## _aЖурнальная статья _2local 675 ## _aБаскетбол. Схожие игры с мячом и корзиной. 796.323 _z 700 #1 _aЧергинец _gВ П 700 #1 _aБомин _gВ А 700 #1 _aГолец _gА В 700 #1 _aАбуздина _gА А 856 4# _auchzapiski.lesgaft.spb.ru _u